• 首页
  • 本馆介绍
  • 公告通知
  • 最新文献
  • 馆藏检索
  • 电子资源
  • 读者导购
  • 参考咨询
  • 我的图书馆
  • 登录
  • 详细信息显示
  • 放入我的书架
  • 预约/预借图书
  • 作者相关作品
  • 分类相关作品
  • 丛书相关作品
  • 出版社相关作品

书目信息

  • 表格格式
  • 工作单格式
  • 卡片格式
题名:
新中国70年文学丛书
    
 
作者: 孟繁华 主编
分册: 第二卷   中篇小说卷
出版信息: 北京   作家出版社  2019.8
页数: 370页
开本: 23cm
丛书名:
单 册:
中图分类: I217.1 , I247.57
科图分类:
主题词: 中国文学--zhong guo wen xue--当代文学--作品综合集 , 中篇小说--zhong pian xiao shuo--小说集--中国--当代
电子资源:
ISBN: 978-7-5212-0550-3
000 01269nam0 2200265 450
001 2159519144
005 20211012165644.94
010    @a978-7-5212-0550-3@dCNY54.72(全25册1368.00)
100    @a20191128d2019 em y0chiy0120 ea
101 0  @achi
102    @aCN@b110000
105    @ay z 000ay
106    @ar
200 1  @a新中国70年文学丛书@Axin zhong guo 70nian wen xue cong shu@i中篇小说卷@h第二卷@f孟繁华主编
210    @a北京@c作家出版社@d2019.8
215    @a370页@d23cm
330    @a《新中国70年文学丛书·中篇小说卷》选择了1949至2019年间在当代文坛产生重大影响的著名作家的代表性中篇小说作品。《新中国70年文学丛书·中篇小说卷》编纂以全面、精粹为甄选原则,每位作家选择其代表作一到两篇。编纂时以作品发表的时间先后为序,每卷收入4-6部作品,共25卷,每卷30余万字。包括刘绍棠、宗璞、徐怀中、铁凝、刘心武、路遥、陈忠实、莫言、苏童、余华、贾平凹、张贤亮、孙惠芬、麦家等的130余位国内文坛著名作家的160篇经典中篇小说作品。
517 1  @a中篇小说卷@Azhong pian xiao shuo juan
606 0  @a中国文学@Azhong guo wen xue@x当代文学@j作品综合集
606 0  @a中篇小说@Azhong pian xiao shuo@x小说集@y中国@z当代
690    @aI217.1@v5
690    @aI247.57@v5
701  0 @a孟繁华@Ameng fan hua@4主编
801  0 @aCN@b百万庄@c20211009
905    @b1307956-59@dI217.1@e1064:2@f4
    
    新中国70年文学丛书.中篇小说卷.第二卷/孟繁华主编.-北京:作家出版社,2019.8
    370页;23cm
    
    
    ISBN 978-7-5212-0550-3:CNY54.72(全25册1368.00)
    《新中国70年文学丛书·中篇小说卷》选择了1949至2019年间在当代文坛产生重大影响的著名作家的代表性中篇小说作品。《新中国70年文学丛书·中篇小说卷》编纂以全面、精粹为甄选原则,每位作家选择其代表作一到两篇。编纂时以作品发表的时间先后为序,每卷收入4-6部作品,共25卷,每卷30余万字。包括刘绍棠、宗璞、徐怀中、铁凝、刘心武、路遥、陈忠实、莫言、苏童、余华、贾平凹、张贤亮、孙惠芬、麦家等的130余位国内文坛著名作家的160篇经典中篇小说作品。
●
相关链接 在E读中查询图书 在五车中查询图书 在当当中查询图书 在豆瓣中查询图书


正题名:新中国70年文学丛书     索取号:I217.1/1064:2         预约/预借

序号 登录号 条形码 馆藏地/架位号 状态 备注
1 1307956   213079568   第一样本阅览室/ [索取号:I217.1/1064:2] 在馆    
2 1307957   213079577   第二借阅区/ [索取号:I217.1/1064:2] 在馆    
3 1307958   213079586   第二借阅区/ [索取号:I217.1/1064:2] 在馆    
4 1307959   213079595   第二借阅区/ [索取号:I217.1/1064:2] 在馆    
唐山师范学院图书馆 欢迎您!
大连网信软件有限公司© 版权所有